| 000 | 01138nam a22002655i 4500 | ||
|---|---|---|---|
| 001 | 172793 | ||
| 003 | ES-MaACL | ||
| 005 | 20250827062640.0 | ||
| 008 | 090909s1933 sp |||| | spa d | ||
| 080 | _a338.47(460):656.2 | ||
| 110 | 1 |
_aEspaña _93622 |
|
| 245 | 1 | 0 | _aAcuerdo mediante canje de notas entre España y Bélgica de 23 de febrero de 1933, concediendo reducción de precio en los billetes de ferrocarril a los indigentes españoles y belgas que hayan de ser repatriados. |
| 260 |
_aMadrid : _b[Ministerio de Estado], _c1933 ( _fImp. del Ministerio de Estado) |
||
| 300 |
_a6 p. ; _c24 cm. |
||
| 490 | 1 |
_aAcuerdos y convenios internacionales, año 1933 ; _v5 |
|
| 546 | _aTexto en español y francés. | ||
| 594 | _aDatos tomados de cub. | ||
| 650 | 4 |
_aTransportes ferroviarios- _xTarifas- _zEspaña. _9176194 |
|
| 651 | 4 |
_aEspaña- _xRelaciones- _zBélgica. _9151828 |
|
| 651 | 4 |
_aBélgica- _xRelaciones- _zEspaña. _9151827 |
|
| 710 | 1 |
_aEspaña. _bMinisterio de Estado. _93866 |
|
| 830 | 1 |
_aAcuerdos y convenios internacionales, año 1933 ; _v5 _9223426 |
|
| 852 | 4 |
_aES-MaACL _j2300-F-10 |
|
| 999 |
_c172793 _d172793 |
||